Normal view
MARC view
- Thorat, Y. R. &. Others
Entry Personal Name
001 - CONTROL NUMBER
- control field: 63144
003 - CONTROL NUMBER IDENTIFIER
- control field: OSt
005 - DATE AND TIME OF LATEST TRANSACTION
- control field: 20220806110610.0
008 - FIXED-LENGTH DATA ELEMENTS
- fixed length control field: 220806|| aca||aabn | a|a d
040 ## - CATALOGING SOURCE
- Original cataloging agency: OSt
- Transcribing agency: OSt
100 ## - HEADING--PERSONAL NAME
- Personal name: Thorat, Y. R. &. Others
670 ## - SOURCE DATA FOUND
- Source citation: Work cat.: (OSt)35886: Thorat, Y. R. &. Others, Corporate Accounting, 2014